00411nam a22001457a 450000500170000000800410001704100120005808200140007010000240008424500330010825000180014126000510015930000300021065000250024020240112110200.0240112b |||||||| |||| 00| 0 eng d aEnglish a346.7 KER aKerr, AJ lEnglish  aThe Law of Lease / cAJ Kerr aFirst Edition aDurban : bButterworth and Company Ltd, c1969 bxxv, 191 pages ; c25 cm. aLegal practice bLaw